00522nam a22001817a 450000100060000000300080000600500170001400800410003103500190007204000260009104100080011708200220012510000150014724501080016226000320027030000210030265000170032331269BD-RjUL20211209051659.0140415r1960 ii 000 0 eng d a(BD-RjUL)31356 aBD-RjULbengcBD-RjUL aeng a294.108bMAS 19601 aMaurus, J. aSomething to think of :b a collection of quotations from the vedas to the present day /cby J. Maurus. aBombay :bAllahabad,c1960. a148 p. ;c17 cm. 0aHandicraft.